Statistics for Landlocked NATO Members

Click here to take the quiz!

General Stats

  • This quiz has been taken 1,642 times
    (1,628 since last reset)
  • The average score is 5 of 5

Answer Stats

JoinedCountry% Correct
1999Czech Republic
95%
1999Hungary
94%
1949Luxembourg
94%
2004Slovakia
94%
2020North Macedonia
80%

Score Distribution

Percentile by Number Answered

Percent of People with Each Score

Your Score History

You have not taken this quiz since the last reset